[Event "Moron Perez Cup U2200 sf"]
[Site "Moron"]
[Date "2019.07.29"]
[Round "1.10"]
[White "Rasgido, Alejandro"]
[Black "Chiguay, Tomas Agustin"]
[Result "1-0"]
[WhiteElo "1898"]
[BlackElo "1570"]
[PlyCount "137"]
[EventDate "2019.07.29"]
[EventType "swiss"]
[EventRounds "6"]
[EventCountry "ARG"]
[SourceTitle "EXT 2024"]
[Source "ChessBase"]
[SourceDate "2023.10.10"]
[SourceVersion "1"]
[SourceVersionDate "2023.10.10"]
[SourceQuality "1"]

1. d4 d5 2. Bg5 Bf5 3. e3 Nd7 4. Bd3 Bxd3 5. Qxd3 c6 6. c4 Ngf6 7. Nf3 e6 8. c5 Be7 9. Nc3 0-0 10. 0-0 Qc7 11. Bf4 Qd8 12. h3 Re8 13. b4 b6 14. b5 bxc5 15. bxc6 c4 16. Qc2 Nb6 17. Nb5 Rf8 18. a4 Ne8 19. a5 Nc8 20. Ne5 Ned6 21. Qa4 Nxb5 22. Qxb5 Nd6 23. Qa4 Qc7 24. Rfb1 Rab8 25. Nd7 Rxb1+ 26. Rxb1 Rc8 27. Kf1 f6 28. Nc5 Qxc6 29. Qxc6 Rxc6 30. Rb8+ Kf7 31. Ke2 Ne8 32. Rb7 Kf8 33. Rxa7 Bxc5 34. dxc5 e5 35. Bg3 Rxc5 36. Ra8 Ke7 37. f4 d4 38. exd4 exd4 39. Bf2 d3+ 40. Kd2 Rd5 41. Be3 Nd6 42. Kc3 Nf5 43. Bd2 Rc5 44. a6 Nd6 45. a7 Ra5 46. Kb4 Ra2 47. Be3 Rb2+ 48. Ka3 d2 49. Bxd2 Rxd2 50. Re8+ Nxe8 51. a8Q Rd3+ 52. Kb2 Nd6 53. Qa7+ Kf8 54. Qb8+ Kf7 55. Qc7+ Kg6 56. Kc2 Rd4 57. g4 f5 58. Qd7 fxg4 59. hxg4 Rxf4 60. Qxd6+ Kg5 61. Qe5+ Kxg4 62. Qxg7+ Kf3 63. Qxh7 Ke3 64. Kc3 Ke2 65. Qh2+ Kf3 66. Qh3+ Kf2 67. Kd2 Rd4+ 68. Kc2 Rf4 69. Qc3 1-0

[Event "Buenos Aires Faogba 35th"]
[Site "Buenos Aires"]
[Date "2018.11.??"]
[Round "3.6"]
[White "Beredjiklian, Mariano"]
[Black "Rasgido, Alejandro"]
[Result "0-1"]
[WhiteElo "2022"]
[BlackElo "1898"]
[PlyCount "74"]
[EventDate "2018.11.13"]
[EventType "swiss"]
[EventRounds "7"]
[EventCountry "ARG"]
[SourceTitle "EXT 2024"]
[Source "ChessBase"]
[SourceDate "2023.10.10"]
[SourceVersion "1"]
[SourceVersionDate "2023.10.10"]
[SourceQuality "1"]

1. f4 d6 2. Nf3 Bg4 3. e4 e5 4. Bc4 Be7 5. d3 Bh4+ 6. g3 Bf6 7. h3 Bxf3 8. Qxf3 Ne7 9. fxe5 dxe5 10. 0-0 Nd7 11. c3 0-0 12. Na3 c6 13. Bd2 Qb6+ 14. Rf2 Qxb2 15. Raf1 Qxa3 16. g4 Bh4 17. Rg2 Ng6 18. g5 b5 19. Bxf7+ Kh8 20. Qh5 Rxf7 21. Rxf7 Qd6 22. Qg4 Nc5 23. d4 Nd3 24. Rd7 Qf8 25. Be3 Ne1 26. Rb2 Nf3+ 27. Kh1 Be1 28. d5 cxd5 29. exd5 e4 30. Rxb5 Nfe5 31. Qe2 Nxd7 32. Qxe1 Qf3+ 33. Kh2 Rf8 34. Rb2 Nf4 35. Bxf4 Qxf4+ 36. Kh1 Ne5 37. d6 Nd3 0-1

[Event "Moron Amateur-ch"]
[Site "Moron"]
[Date "2018.07.21"]
[Round "4"]
[White "Sanchez, Belen"]
[Black "Rasgido, Alejandro"]
[Result "1-0"]
[WhiteElo "1348"]
[BlackElo "1958"]
[PlyCount "107"]
[EventDate "2018.07.17"]
[EventType "swiss"]
[EventRounds "7"]
[EventCountry "ARG"]
[SourceTitle "EXT 2019"]
[Source "ChessBase"]
[SourceDate "2018.10.10"]
[SourceVersion "1"]
[SourceVersionDate "2018.10.10"]
[SourceQuality "1"]

1. e4 e5 2. Nf3 Nf6 3. Nxe5 d6 4. Nf3 Nxe4 5. d4 Be7 6. Bd3 Nf6 7. h3 0-0 8. 0-0 Re8 9. Bg5 Nbd7 10. Nc3 c6 11. Re1 Nf8 12. Qd2 Be6 13. Re2 b5 14. Rae1 Qd7 15. Re3 h6 16. Bh4 b4 17. Ne4 Nd5 18. R3e2 Bxh4 19. Nxh4 Qd8 20. Nf3 Ng6 21. Ng3 Qd7 22. Bxg6 fxg6 23. Nh4 Qf7 24. Ne4 Rad8 25. c4 bxc3 26. Nxc3 Qf6 27. Nxd5 cxd5 28. Nf3 g5 29. Qa5 Qf7 30. Rxe6 Rxe6 31. Rxe6 Qxe6 32. Qxd8+ Kh7 33. Qc7 Qe2 34. Qxd6 Qxb2 35. Qxd5 Qc1+ 36. Kh2 Qf4+ 37. g3 Qf6 38. Qe4+ Kg8 39. Kg2 Qa6 40. Qe8+ Kh7 41. Ne5 Qxa2 42. Qg6+ Kg8 43. Qe8+ Kh7 44. Qg6+ Kg8 45. Ng4 Qd5+ 46. Kh2 Qxd4 47. Nxh6+ Kh8 48. Nf7+ Kg8 49. Nh6+ Kh8 50. Ng4 Qc5 51. Qh5+ Kg8 52. h4 a5 53. hxg5 Qc8 54. g6 1-0

[Event "Moron Amateur-ch"]
[Site "Moron"]
[Date "2018.07.17"]
[Round "1"]
[White "Coria, Miguel"]
[Black "Rasgido, Alejandro"]
[Result "0-1"]
[WhiteElo "1618"]
[BlackElo "1958"]
[PlyCount "70"]
[EventDate "2018.07.17"]
[EventType "swiss"]
[EventRounds "7"]
[EventCountry "ARG"]
[SourceTitle "EXT 2019"]
[Source "ChessBase"]
[SourceDate "2018.10.10"]
[SourceVersion "1"]
[SourceVersionDate "2018.10.10"]
[SourceQuality "1"]

1. c4 c6 2. Nc3 Nf6 3. Nf3 d5 4. cxd5 cxd5 5. d4 a6 6. g3 Nc6 7. Bg2 e6 8. 0-0 Be7 9. Re1 0-0 10. e4 dxe4 11. Nxe4 Nxe4 12. Rxe4 b5 13. b3 Bb7 14. Bb2 Nb4 15. Re1 Rc8 16. Re2 Nd5 17. Rc2 Rxc2 18. Qxc2 Qa8 19. Ne1 Rc8 20. Qe4 b4 21. h4 Bc6 22. Qg4 Nc3 23. Bxc6 Qxc6 24. h5 h6 25. Bc1 f5 26. Qg6 Ne2+ 27. Kh2 Nxc1 28. Rxc1 Qxc1 29. Qxe6+ Kf8 30. Qxf5+ Bf6 31. Ng2 Qc2 32. Qf3 Re8 33. Nf4 Qe4 34. Qg4 Kg8 35. d5 Bg5 0-1

[Event "ARG-ch sf 93rd"]
[Site "Buenos Aires"]
[Date "2018.05.25"]
[Round "7"]
[White "Lopez Almanzas, Dario Alex"]
[Black "Rasgido, Alejandro"]
[Result "0-1"]
[WhiteElo "1706"]
[BlackElo "1981"]
[PlyCount "172"]
[EventDate "2018.05.19"]
[EventType "swiss"]
[EventRounds "9"]
[EventCountry "ARG"]
[SourceTitle "CBM 184 Extra"]
[Source "ChessBase"]
[SourceDate "2018.06.28"]
[SourceVersion "1"]
[SourceVersionDate "2018.06.28"]
[SourceQuality "1"]

1. e4 e5 2. Nf3 Nf6 3. Nc3 Bb4 4. d3 d6 5. g3 c6 6. a3 Ba5 7. b4 Bb6 8. Bg2 Bg4 9. h3 Bh5 10. 0-0 Nbd7 11. Na4 Bc7 12. c4 0-0 13. Bb2 Re8 14. Nc3 Nf8 15. Qb3 Ne6 16. Rfe1 Qd7 17. Qc2 Bxf3 18. Bxf3 Ng5 19. Qe2 Qxh3 20. Bc1 Nxf3+ 21. Qxf3 Bb6 22. Qg2 Qh5 23. Be3 Ng4 24. Bxb6 axb6 25. b5 Re6 26. Ra2 Nf6 27. a4 Nd7 28. bxc6 bxc6 29. Rb1 Qg5 30. Rab2 h5 31. Qh3 Ra6 32. Kg2 Ra7 33. Rh1 Rh6 34. Qh4 f6 35. Qxg5 fxg5 36. Kf3 Kf7 37. Ke2 Ke6 38. Rg1 g6 39. Rh1 Ra6 40. Rhb1 h4 41. g4 Ra8 42. Rh1 Rhh8 43. Ke3 Rhf8 44. Rh2 Rfb8 45. Rh1 Ra6 46. Rhb1 Kf6 47. Rb4 Rh8 48. Rh1 Nc5 49. Rb2 Rb8 50. Rhb1 Ne6 51. Rh1 Nf4 52. Rh2 Ke7 53. Rb1 Rf8 54. Rb2 Ne6 55. Rh1 Nd4 56. Rh3 Kd7 57. f3 Kc7 58. Ra2 Ne6 59. Rh1 Nc5 60. Rb1 Rfa8 61. Rba1 Kd7 62. Ke2 Nb3 63. Rf1 Nd4+ 64. Ke3 b5 65. cxb5 cxb5 66. Nd5 bxa4 67. Rc1 Ne6 68. Ra3 Rb8 69. Rca1 Nc5 70. Rd1 Rb3 71. Ra2 a3 72. Rdd2 Ne6 73. Nf6+ Kd8 74. Nd5 Rc6 75. Ra1 Nd4 76. Raa2 Rc1 77. Kf2 Rcb1 78. Ne3 R3b2 79. Nc4 Rxd2+ 80. Rxd2 Rb3 81. Ke3 Nb5 82. Ra2 h3 83. Rh2 Nc3 84. Nxa3 Rxa3 85. Rxh3 Ra2 86. d4 Nd1+ 0-1

[Event "ARG-ch sf 93rd"]
[Site "Buenos Aires"]
[Date "2018.05.22"]
[Round "4"]
[White "Colombo Berra, Pablo"]
[Black "Rasgido, Alejandro"]
[Result "1-0"]
[WhiteElo "1771"]
[BlackElo "1981"]
[PlyCount "111"]
[EventDate "2018.05.19"]
[EventType "swiss"]
[EventRounds "9"]
[EventCountry "ARG"]
[SourceTitle "CBM 184 Extra"]
[Source "ChessBase"]
[SourceDate "2018.06.28"]
[SourceVersion "1"]
[SourceVersionDate "2018.06.28"]
[SourceQuality "1"]

1. d4 d5 2. e3 Nf6 3. Bd3 g6 4. Nd2 Bg7 5. Ngf3 c5 6. c3 cxd4 7. exd4 Nc6 8. 0-0 0-0 9. Re1 a6 10. Nb3 b6 11. Qe2 Bb7 12. Bg5 Re8 13. Qd2 Qc7 14. h3 Rad8 15. Qe2 Qc8 16. a4 h6 17. Bxf6 exf6 18. Qd2 Qc7 19. Rxe8+ Rxe8 20. Ne1 Nd8 21. a5 Ne6 22. axb6 Qxb6 23. Na5 Bc8 24. b4 Bf8 25. Nb3 Qd6 26. Nc5 Nf4 27. Bxa6 Bxa6 28. Rxa6 Qd8 29. Qxf4 Rxe1+ 30. Kh2 f5 31. g3 Qe8 32. Nd3 Rd1 33. Qf3 Rd2 34. Ra1 Bd6 35. Re1 Qb5 36. Nc5 Qb8 37. Kg2 Qa8 38. Qe3 Qa2 39. Kf3 Qc2 40. Kg2 Kg7 41. b5 f4 42. gxf4 Qb2 43. b6 Rc2 44. Nb7 Rxc3 45. Re2 Qb3 46. Qxc3 Qxc3 47. Nxd6 Qxd4 48. b7 Qb6 49. Re8 Qxd6 50. b8Q Qxb8 51. Rxb8 Kf6 52. Kf3 g5 53. Rd8 Ke6 54. fxg5 hxg5 55. Kg4 Kf6 56. f4 1-0

[Event "Caba Legislatura Cup"]
[Site "Caba"]
[Date "2018.04.07"]
[Round "2"]
[White "Fiorito, Fabian"]
[Black "Rasgido, Alejandro"]
[Result "1-0"]
[WhiteElo "2368"]
[BlackElo "2002"]
[PlyCount "41"]
[EventDate "2018.04.06"]
[EventType "swiss"]
[EventRounds "9"]
[EventCountry "ARG"]
[SourceTitle "CBM 184 Extra"]
[Source "ChessBase"]
[SourceDate "2018.06.28"]
[SourceVersion "1"]
[SourceVersionDate "2018.06.28"]
[SourceQuality "1"]

1. d4 d5 2. Bf4 Nf6 3. e3 c6 4. c4 a6 5. Nc3 b5 6. cxd5 cxd5 7. Bd3 Nc6 8. Rc1 Bb7 9. Nf3 e6 10. 0-0 Be7 11. Ne5 0-0 12. Nxc6 Bxc6 13. Na4 Rc8 14. Nc5 Qb6 15. Qf3 a5 16. Rc2 Nd7 17. Qh3 Nf6 18. Rfc1 Rfe8 19. g4 g6 20. Bg5 Nd7 21. Nxd7 1-0

[Event "Moron Faogba op"]
[Site "Moron"]
[Date "2018.03.06"]
[Round "2"]
[White "Serratto, Ricardo Adolfo"]
[Black "Rasgido, Alejandro"]
[Result "0-1"]
[WhiteElo "1653"]
[BlackElo "1995"]
[PlyCount "58"]
[EventDate "2018.03.03"]
[EventType "swiss"]
[EventRounds "7"]
[EventCountry "ARG"]
[SourceTitle "CBM 183 Extra"]
[Source "ChessBase"]
[SourceDate "2018.04.19"]
[SourceVersion "1"]
[SourceVersionDate "2018.04.19"]
[SourceQuality "1"]

1. e4 e5 2. Nf3 Nf6 3. Bc4 Nc6 4. d3 Bc5 5. Bg5 h6 6. Be3 Bxe3 7. fxe3 d5 8. Bb5 0-0 9. Bxc6 bxc6 10. Nxe5 Qe8 11. d4 Nxe4 12. Qh5 Rb8 13. Nd3 Nf6 14. Qe2 Ng4 15. 0-0 Qxe3+ 16. Qxe3 Nxe3 17. Rf2 Nd1 18. Re2 Bf5 19. b3 Bxd3 20. cxd3 Rfe8 21. Rxe8+ Rxe8 22. g3 Re1+ 23. Kg2 Ne3+ 24. Kf2 Nc2 25. a3 Rh1 26. Kg2 Rd1 27. Ra2 Nxd4 28. Nd2 Rc1 29. b4 Rc3 0-1

[Event "Moron Philidor CC U2200 15th"]
[Site "Buenos Aires"]
[Date "2017.09.16"]
[Round "4"]
[White "Rasgido, Alejandro"]
[Black "Solano, Pablo"]
[Result "1/2-1/2"]
[WhiteElo "1984"]
[BlackElo "1907"]
[PlyCount "74"]
[EventDate "2017.09.12"]
[EventType "swiss"]
[EventRounds "7"]
[EventCountry "ARG"]
[SourceTitle "CBM 180 Extra"]
[Source "ChessBase"]
[SourceDate "2017.10.06"]
[SourceVersion "1"]
[SourceVersionDate "2017.10.06"]
[SourceQuality "1"]

1. b3 e5 2. Bb2 Nc6 3. e3 a6 4. c4 Nf6 5. Nc3 d5 6. cxd5 Nxd5 7. d3 Bb4 8. Qc2 Bf5 9. Nf3 Qe7 10. Nd2 Qc5 11. Rc1 Nxe3 12. fxe3 Qxe3+ 13. Be2 Nd4 14. Qd1 Bxd3 15. Nd5 Qe4 16. Nxc7+ Ke7 17. Bxd4 Rad8 18. Bc5+ Kd7 19. Bxb4 Qxb4 20. Bxd3 Ke7 21. Qe2 f6 22. Be4 Rxd2 23. Qxd2 Qxe4+ 24. Qe2 Qb4+ 25. Kf2 Qf4+ 26. Qf3 Qd2+ 27. Kg3 Qg5+ 28. Kh3 Qh6+ 29. Kg3 Qg5+ 30. Kf2 Qd2+ 31. Qe2 Qf4+ 32. Qf3 Qd2+ 33. Kg3 Qg5+ 34. Kh3 Qh6+ 35. Kg3 Qg5+ 36. Qg4 Qe3+ 37. Kh4 Qh6+ 1/2-1/2

[Event "Philidor CC op 14th"]
[Site "Moron"]
[Date "2017.07.29"]
[Round "7"]
[White "Conde, Adrian"]
[Black "Rasgido, Alejandro"]
[Result "1/2-1/2"]
[WhiteElo "2104"]
[BlackElo "1964"]
[PlyCount "85"]
[EventDate "2017.07.18"]
[EventType "swiss"]
[EventRounds "7"]
[EventCountry "ARG"]
[SourceTitle "EXT 2019"]
[Source "ChessBase"]
[SourceDate "2018.10.10"]
[SourceVersion "1"]
[SourceVersionDate "2018.10.10"]
[SourceQuality "1"]

1. Nf3 Nf6 2. g3 d5 3. d4 c6 4. Bg2 a6 5. 0-0 Bf5 6. c4 b5 7. b3 e6 8. Nbd2 Nbd7 9. Bb2 Be7 10. Ne5 Rc8 11. Rc1 Nxe5 12. dxe5 Ne4 13. cxd5 cxd5 14. Nxe4 dxe4 15. Rxc8 Qxc8 16. Qd4 Qb7 17. g4 Bg6 18. f4 0-0 19. f5 Rd8 20. Bxe4 Qb8 21. fxg6 Rxd4 22. gxh7+ Kh8 23. Bxd4 Bc5 24. e3 Bxd4 25. exd4 Qd8 26. Rd1 Qg5 27. Bf3 Kxh7 28. Kf2 Qf4 29. h4 Kg8 30. h5 Kf8 31. a4 Qh2+ 32. Bg2 Qh4+ 33. Kf3 bxa4 34. bxa4 Qe7 35. Rb1 Qc7 36. Kf4 f6 37. Be4 fxe5+ 38. dxe5 Qf7+ 39. Ke3 Qa7+ 40. Kf3 Qc7 41. Kf4 Qf7+ 42. Ke3 Qa7+ 43. Kf4 1/2-1/2

[Event "Philidor CC op 14th"]
[Site "Moron"]
[Date "2017.07.25"]
[Round "5"]
[White "Rasgido, Alejandro"]
[Black "Orione, Carlos"]
[Result "1-0"]
[WhiteElo "1964"]
[BlackElo "2137"]
[PlyCount "105"]
[EventDate "2017.07.18"]
[EventType "swiss"]
[EventRounds "7"]
[EventCountry "ARG"]
[SourceTitle "EXT 2019"]
[Source "ChessBase"]
[SourceDate "2018.10.10"]
[SourceVersion "1"]
[SourceVersionDate "2018.10.10"]
[SourceQuality "1"]

1. b3 b6 2. Bb2 Bb7 3. e3 c5 4. c4 e6 5. Nf3 Nf6 6. Nc3 Be7 7. Be2 0-0 8. 0-0 d5 9. d4 Nbd7 10. Ne5 cxd4 11. exd4 dxc4 12. Bxc4 a6 13. a4 Bd6 14. Qe2 Qb8 15. f4 Qd8 16. Rae1 Nd5 17. Nxf7 Rxf7 18. Qxe6 N7f6 19. Nxd5 Nxd5 20. Bxd5 Bxd5 21. Qxd5 Bxf4 22. Qe4 Qb8 23. g3 Bxg3 24. Rxf7 Bxe1 25. Qe6 Qc8 26. Rd7+ Kh8 27. Qe7 Qf8 28. Qxe1 Qf3 29. Re7 Rf8 30. Re2 Qd5 31. Re5 Qxb3 32. Re8 Kg8 33. Qe6+ Qxe6 34. Rxe6 Rb8 35. d5 Kf7 36. Kf2 a5 37. Be5 Rb7 38. Rc6 b5 39. Rc7+ Rxc7 40. Bxc7 bxa4 41. Bxa5 a3 42. Bc3 g6 43. Ke3 a2 44. Kf4 h6 45. Ke5 Ke7 46. d6+ Kd7 47. Kf6 g5 48. Kg6 Kxd6 49. Kxh6 g4 50. Kg5 Ke6 51. Kxg4 Kf7 52. Kh5 Kg8 53. h4 1-0

[Event "Philidor CC op 14th"]
[Site "Moron"]
[Date "2017.07.18"]
[Round "1"]
[White "Rasgido, Alejandro"]
[Black "Plana, Jose"]
[Result "1-0"]
[WhiteElo "1964"]
[BlackElo "1668"]
[PlyCount "85"]
[EventDate "2017.07.18"]
[EventType "swiss"]
[EventRounds "7"]
[EventCountry "ARG"]
[SourceTitle "EXT 2019"]
[Source "ChessBase"]
[SourceDate "2018.10.10"]
[SourceVersion "1"]
[SourceVersionDate "2018.10.10"]
[SourceQuality "1"]

1. d4 Nf6 2. Bg5 Ne4 3. h4 Nxg5 4. hxg5 g6 5. Nf3 Bg7 6. e4 d6 7. Nbd2 Nc6 8. c3 Bg4 9. Qb3 Rb8 10. Bc4 0-0 11. Qc2 e5 12. dxe5 Nxe5 13. Nxe5 Bxe5 14. Nf3 Bxf3 15. gxf3 Qxg5 16. Ke2 Qf6 17. Rh3 Kg7 18. Rah1 Rh8 19. Qb3 c6 20. Kd1 b5 21. Be2 Qe6 22. Qa3 Qe7 23. Kc2 Rb7 24. Kb1 Qc7 25. Qb3 a5 26. Rh4 Qb6 27. f4 Bf6 28. R4h2 b4 29. c4 Qd4 30. Qc2 Qc5 31. f5 Bd4 32. Qd2 Kf8 33. Rxh7 Rxh7 34. Rxh7 Bg7 35. Qg5 Qe5 36. Qd8+ Qe8 37. Qxe8+ Kxe8 38. Rxg7 Kf8 39. Rh7 Kg8 40. fxg6 Rb8 41. Rxf7 Rf8 42. Rxf8+ Kxf8 43. f4 1-0

[Event "Santa Teresita op 2nd"]
[Site "Santa Teresita"]
[Date "2017.07.02"]
[Round "5"]
[White "Rasgido, Alejandro"]
[Black "Campanini, Hugo Ricardo"]
[Result "0-1"]
[WhiteElo "1963"]
[BlackElo "1842"]
[PlyCount "80"]
[EventDate "2017.06.30"]
[EventType "swiss"]
[EventRounds "6"]
[EventCountry "ARG"]
[SourceTitle "EXT 2022"]
[Source "ChessBase"]
[SourceDate "2021.10.06"]
[SourceVersion "1"]
[SourceVersionDate "2021.10.06"]
[SourceQuality "1"]

1. b3 e5 2. Bb2 Nc6 3. e3 d5 4. Bb5 Bd6 5. Nf3 Qe7 6. 0-0 Nf6 7. d4 e4 8. Bxc6+ bxc6 9. Ne5 Bd7 10. c4 Qe6 11. Nd2 Bxe5 12. dxe5 Ng4 13. Qc2 Nxe5 14. cxd5 cxd5 15. Nxe4 dxe4 16. Qxe4 Nc6 17. Qf4 Rc8 18. Ba3 Ne7 19. Qg5 Ng6 20. Rfd1 f6 21. Qh5 Bc6 22. e4 Kf7 23. Re1 Rhd8 24. Rac1 Kg8 25. Qc5 Ne5 26. Re3 Rd2 27. h3 Ba8 28. Qxa7 c6 29. Rg3 Rd7 30. Qa6 Bb7 31. Qe2 Rdd8 32. f4 Nd3 33. Rf1 c5 34. e5 fxe5 35. f5 Qf6 36. Qe3 Nf4 37. Bxc5 Rd3 38. Qe1 Rxg3 39. Rxf4 Rxg2+ 40. Kf1 exf4 0-1

[Event "Moron Philidor CC 13th"]
[Site "Moron"]
[Date "2017.05.09"]
[Round "1.9"]
[White "Rasgido, Alejandro"]
[Black "Gonzalez, Domingo"]
[Result "1-0"]
[WhiteElo "1940"]
[BlackElo "1729"]
[PlyCount "55"]
[EventDate "2017.05.09"]
[EventType "swiss"]
[EventRounds "7"]
[EventCountry "ARG"]
[SourceTitle "EXT 2024"]
[Source "ChessBase"]
[SourceDate "2023.10.10"]
[SourceVersion "1"]
[SourceVersionDate "2023.10.10"]
[SourceQuality "1"]

1. d4 Nf6 2. Bg5 g6 3. Bxf6 exf6 4. e3 Bg7 5. c4 d6 6. g3 Nd7 7. Bg2 0-0 8. Nc3 c6 9. Nge2 Nb6 10. Qd3 f5 11. 0-0 Bd7 12. Rab1 a5 13. c5 dxc5 14. dxc5 Nd5 15. Nxd5 cxd5 16. Nf4 Rc8 17. Rfc1 Bc6 18. Bxd5 Re8 19. Qc4 Bxd5 20. Nxd5 Re5 21. Rd1 Qe8 22. Rbc1 b5 23. Qb3 Qc6 24. Nb6 Rc7 25. Rd8+ Bf8 26. Rcd1 Rxc5 27. Nd7 Rxd7 28. R8xd7 1-0

[Event "ARG-ch sf"]
[Site "Vicente Lopez"]
[Date "2016.06.28"]
[Round "5"]
[White "Saracho, Franco"]
[Black "Rasgido, Alejandro"]
[Result "0-1"]
[WhiteElo "1731"]
[BlackElo "2005"]
[PlyCount "84"]
[EventDate "2016.06.25"]
[EventType "swiss"]
[EventRounds "9"]
[EventCountry "ARG"]
[SourceTitle "CBM 173 Extra"]
[Source "ChessBase"]
[SourceDate "2016.08.29"]
[SourceVersion "1"]
[SourceVersionDate "2016.08.29"]
[SourceQuality "1"]

1. e4 e5 2. Nf3 Nf6 3. Nc3 Bb4 4. Nxe5 Qe7 5. Nd3 Bxc3 6. dxc3 Nxe4 7. Be2 d6 8. 0-0 0-0 9. Re1 Qh4 10. Be3 Nd7 11. f3 Nef6 12. Qd2 Qa4 13. Bf1 Nb6 14. b3 Qa5 15. Bd4 Qf5 16. Nf2 Nfd5 17. Nh3 c5 18. Bf2 Qf6 19. c4 Bxh3 20. gxh3 Ne7 21. Kh1 Ng6 22. Rad1 Rad8 23. Re4 d5 24. cxd5 Rxd5 25. Qe2 Nf4 26. Qe1 Nxh3 27. Bxh3 Qxf3+ 28. Bg2 Qxd1 29. Qxd1 Rxd1+ 30. Re1 Rfd8 31. Kg1 Rxe1+ 32. Bxe1 Nd5 33. c4 Nb4 34. Bxb4 cxb4 35. Bd5 b6 36. Kf2 Kf8 37. Ke3 Rxd5 38. cxd5 Ke7 39. Kd4 Kd6 40. Ke4 g6 41. Kd4 f5 42. h3 g5 0-1

[Event "ARG-ch sf"]
[Site "Vicente Lopez"]
[Date "2016.06.27"]
[Round "4"]
[White "Rasgido, Alejandro"]
[Black "Lagar, Valentin Alejo"]
[Result "0-1"]
[WhiteElo "2005"]
[BlackElo "2216"]
[PlyCount "88"]
[EventDate "2016.06.25"]
[EventType "swiss"]
[EventRounds "9"]
[EventCountry "ARG"]
[SourceTitle "CBM 173 Extra"]
[Source "ChessBase"]
[SourceDate "2016.08.29"]
[SourceVersion "1"]
[SourceVersionDate "2016.08.29"]
[SourceQuality "1"]

1. b3 e5 2. Bb2 Nc6 3. e3 Nf6 4. Bb5 Bd6 5. Na3 Na5 6. Nc4 Nxc4 7. bxc4 0-0 8. Nf3 c6 9. Ba4 Qe7 10. 0-0 e4 11. Nd4 Qe5 12. g3 Qa5 13. Bb3 Be5 14. Bc3 Qc5 15. f4 exf3 16. Qxf3 d6 17. Qg2 Qb6 18. Ne2 Bxc3 19. Nxc3 Ng4 20. h3 Nxe3 21. c5 Qxc5 22. dxe3 Qxe3+ 23. Qf2 Qxc3 24. Bxf7+ Kh8 25. Rad1 Bxh3 26. Rd3 Qa5 27. Rb1 Bf5 28. Rd5 cxd5 29. Qxf5 Qc7 30. Rf1 Rad8 31. Qh5 Rd7 32. Bxd5 Rxf1+ 33. Kxf1 Re7 34. Qf5 Qd8 35. Be4 Qg8 36. Kg2 Re5 37. Qf3 d5 38. Bd3 Qe8 39. Qf2 b6 40. Qf4 Qe7 41. Qg4 g6 42. Qd4 Qf6 43. Qa4 Re7 44. Qg4 Kg7 0-1

[Event "Buenos Aires Perez Cup"]
[Site "Buenos Aires"]
[Date "2016.05.21"]
[Round "7"]
[White "Rasgido, Alejandro"]
[Black "Edgar, Roberto"]
[Result "0-1"]
[WhiteElo "2003"]
[BlackElo "1907"]
[PlyCount "72"]
[EventDate "2016.05.10"]
[EventType "swiss"]
[EventRounds "7"]
[EventCountry "ARG"]
[SourceTitle "CBM 172 Extra"]
[Source "ChessBase"]
[SourceDate "2016.06.21"]
[SourceVersion "1"]
[SourceVersionDate "2016.06.21"]
[SourceQuality "1"]

1. d4 d5 2. Bg5 c6 3. e3 h6 4. Bh4 Qb6 5. Qc1 e5 6. Nf3 e4 7. Nfd2 Be6 8. c4 Be7 9. Bg3 Nf6 10. Be2 0-0 11. 0-0 Qd8 12. f3 Nbd7 13. Nc3 exf3 14. Rxf3 Bg4 15. Rf2 Bxe2 16. Rxe2 Nb6 17. c5 Nbd7 18. b4 Nh5 19. Bf2 Re8 20. Nf3 Nhf6 21. Qc2 b6 22. e4 dxe4 23. Nxe4 Nd5 24. Qd2 a5 25. bxa5 bxc5 26. Nxc5 Nxc5 27. dxc5 Qxa5 28. Qxa5 Rxa5 29. Rae1 Ra7 30. Nd4 Rc8 31. Nf5 Bf8 32. Nd6 Rca8 33. Bd4 Nf4 34. Re4 Ne6 35. Bf2 Rxa2 36. Nxf7 Nxc5 0-1

[Event "Buenos Aires Perez Cup"]
[Site "Buenos Aires"]
[Date "2016.05.17"]
[Round "5"]
[White "Rasgido, Alejandro"]
[Black "Medina, Sergio"]
[Result "1-0"]
[WhiteElo "2003"]
[BlackElo "1895"]
[PlyCount "51"]
[EventDate "2016.05.10"]
[EventType "swiss"]
[EventRounds "7"]
[EventCountry "ARG"]
[SourceTitle "CBM 172 Extra"]
[Source "ChessBase"]
[SourceDate "2016.06.21"]
[SourceVersion "1"]
[SourceVersionDate "2016.06.21"]
[SourceQuality "1"]

1. d4 g6 2. c3 Bg7 3. e4 d6 4. Bg5 Nd7 5. Nf3 h6 6. Bh4 c5 7. Nbd2 cxd4 8. cxd4 Qb6 9. Nc4 Qb4+ 10. Qd2 Qxd2+ 11. Ncxd2 Ngf6 12. Rc1 g5 13. Bg3 0-0 14. Bd3 Nh5 15. Nb3 Nf4 16. Bxf4 gxf4 17. Rc7 a5 18. a4 Bf6 19. Bb5 Nb6 20. 0-0 e6 21. Rfc1 Bd8 22. R7c2 Bd7 23. Bxd7 Nxd7 24. e5 d5 25. Nc5 b5 26. Nxd7 1-0